Movies Quiz

Random Movies or Quote Quiz

What Avenger Said This Quote? Quiz Stats

 Plays Quiz not verified by Sporcle

Support Sporcle.
Go Orange.
Score 0/10 Timer 03:00
0 Plays Today
Quote Avenger % Correct
He’s adoptedThor
91.5%
Big man in a big suit of armor…take that away, what are youCaptain America
85.1%
Want to give me a lift!Hawkeye
78.7%
You people are so petty..and tiny.Thor
76.6%
If we can't protect the Earth, be dang sure we will avenge it Tony Stark
68.1%
Regimes fall every day. I tend not to weep over that.”Black Widow
63.8%
That man has a brain full of cats. You can smell crazy on him.Bruce Banner
55.3%
Are you seriously leaning on the Cauldron of Canos?Dr. Strange
51.1%
No Resurrection this Time Thanos
48.9%
Until such time as the world ends, we will act as though it intends to spin onNick Fury
46.8%

You're not logged in!

Compare scores with friends on all Sporcle quizzes.
OR
Log In

From the Vault

State by NBA Team

by TheCW

This NBA quiz is just a state of mind.
Remove Ads.
Support Sporcle.
Get the best of Sporcle when you Go Orange. This ad-free experience offers more features, more stats, and more fun while also helping to support Sporcle. Thank you for becoming a member.

Show Comments

Extras

Created Dec 8, 2018ReportNominate
Tags:Quote Quiz

Top Quizzes Today


Score Distribution

Your Account Isn't Verified!

In order to create a playlist on Sporcle, you need to verify the email address you used during registration. Go to your Sporcle Settings to finish the process.

Report this User

Report this user for behavior that violates our Community Guidelines.

Details: